Fewest Games to get 50 EPL goals - Statistics

General Stats
  • This quiz has been taken 160 times
    8 since last reset
  • The average score is 10 of 11
Answer Stats
Games Answer Team % Correct
66 Alan Shearer Blackburn Rovers, Newcastle United
100%
65 Andy Cole Newcastle United, Manchester United, Blackburn, Fulham, Manchester City, Portsmouth
100%
48 Erling Haaland Manchester City
100%
72 Fernando Torres Liverpool, Chelsea
100%
72 Mohamed Salah Liverpool
100%
81 Sergio Aguero Manchester City
100%
79 Pierre- Emerick Aubameyang Arsenal
88%
83 Thierry Henry Arsenal
88%
85 Diego Costa Chelsea
75%
83 Kevin Phillips Sunderland, Southampton, Aston Villa, Birmingham City
75%
68 Ruud Van Nistelrooy Manchester United
75%
No matching quizzes found
Score Distribution
Percent of People with Each Score
Percentile by Number Answered
Your Score History
You have not taken this quiz since the last reset